| 000 | 01376cam a2200301 4500 | ||
|---|---|---|---|
| 001 | WB3928-01 | ||
| 008 | 030721n2003 000 0 eng u | ||
| 035 | _a(Sirsi) u123068 | ||
| 245 | _aIndustrial finds favour at auctions | ||
| 260 | _c2003 | ||
| 490 |
_aProperty Week _v68(28) 18 July 2003, 21(1) |
||
| 520 | _aThe number of factories and distribution depots sold at auction in the second quarter this year more than trebled that for the same period last year, claim Jones Lang LaSalle (JLL). Figures compiled by JLL show that 98 industrial investments were auctioned in April, May and June, compared with 30 during the same period last year. The statistics published by the Auction Results Analysis Service (ARAS) show that industrial yields fell from 7.99% in the first quarter to 7.7% in the second quarter. JLL auctions page http://www.joneslanglasalle.co.uk/services_capital01/pg_auctions.html. | ||
| 590 | _aWB | ||
| 650 | _aJONES LANG LASALLE | ||
| 650 |
_aAuctioneering _96218 |
||
| 650 | _aFACTORIES | ||
| 650 | _aDISTRIBUTION WAREHOUSES | ||
| 650 | _aARAS | ||
| 650 | _aAUCTION SALES | ||
| 650 | _aAUCTION RESULTS | ||
| 650 | _aAUCTION RESULTS ANALYSIS SERVICE | ||
| 650 | _aINDUSTRIAL MARKET | ||
| 650 | _aYIELDS | ||
| 650 |
_aInvestments _96250 |
||
| 650 | _aPROPERTY-COMMERCIAL PROPERTY | ||
| 690 |
_aAuctioneering _96218 |
||
| 942 | _n0 | ||
| 999 |
_c73076 _d73076 |
||